Código de comercio y legislación mercantil complementaria : legislación básica sobre el código de comercio y leyes complementarias / comentarios por: Francisco José Castro Meije ... [et al.] legislación básica sobre el código de comercio y leyes complementarias / comentarios por:
ISBN:
84-86123-43-7
Descripción Física:
720 p. ; 20 cm
Otros Autores:
Castro Meije, Francisco José
MARC
| LEADER | 00000nam a2200000Ia 4500 | ||
|---|---|---|---|
| 001 | 14250 | ||
| 008 | 160829s1986 xx 000 0 cat d | ||
| 020 | |a 84-86123-43-7 | ||
| 080 | |a D-2-134 | ||
| 245 | |a Código de comercio y legislación mercantil complementaria : |b legislación básica sobre el código de comercio y leyes complementarias / comentarios por: |b Francisco José Castro Meije ... [et al.] | ||
| 260 | |a Madrid : |b Colex, |c 1986 | ||
| 300 | |a 720 p. ; |c 20 cm | ||
| 590 | |a Bibliografia. | ||
| 590 | |a Índex | ||
| 610 | 1 | 0 | |a Espanya. |t Código de comercio (1885) |9 54038 |
| 650 | |a Dret mercantil |x Legislació |x Espanya |9 26717 | ||
| 650 | |a Dret marítim |x Legislació |x Espanya |9 26718 | ||
| 700 | |a Castro Meije, Francisco José |9 26719 | ||
| 901 | |a Arxiu | ||
| 942 | |n 1 | ||
| 952 | |0 0 |1 0 |4 0 |6 D2134 |7 1 |9 44112 |a Arxiu |b Arxiu |d 2016-12-01 |l 0 |o D-2-134 |p 14250 |r 2016-12-01 00:00:00 |w 2016-12-01 |y ARXIU | ||
| 999 | |c 46692 |d 46692 | ||